世界上拥有最多坦克的国家 - Statistics

General Stats
  • This quiz has been taken 444 times
  • The average score is 14 of 20
Answer Stats
坦克数量 国家 % Correct
14,777 俄罗斯
100%
5,000 中国
100%
4,657 美国
99%
5,845 朝鲜
92%
4,614 印度
90%
2,501 韩国
89%
1,777 乌克兰
87%
1,996 伊朗
82%
5,340 埃及
77%
1,370 以色列
77%
3,742 巴基斯坦
76%
1,485 沙特阿拉伯
76%
2,231 土耳其
73%
2,029 越南
68%
2,720 叙利亚
58%
1,632 阿尔及利亚
44%
1,564 摩洛哥
30%
1,365 希腊
28%
1,365 约旦
27%
1,756 厄立特里亚
5%
No matching quizzes found
Score Distribution
Percent of People with Each Score
Percentile by Number Answered
Your Score History
You have not taken this quiz